000
00227nam a2200097Ia 4500
008
220204s9999 xx 000 0 und d
082
_a
82-3
_b
KEE
100
_a
Keene, Carolyn
245
0
_a
Clue in the old stagecoach
942
_c
BK
999
_c
32914
_d
32914